000 00699nam a22002177a 4500
003 OSt
005 20251127141856.0
008 251127b |||||||| |||| 00| 0 eng d
020 _a978-0-7879-9615-4.
040 _aDWCL-Main lib
_cOC
082 _2Tribute ed.
_aCirc. 370.154 G466h 2007
100 _aGilbert, Thomas F.
245 _aHuman Competence :
_bengineering worthy performance
_cGilbert, Thomas F.
260 _aSan Francisco :
_bPfeiffer,
_cc2007.
300 _axxxviii, 376 pages ;
_c23 cm.
504 _aIncludes index.
650 _21. Learning, Psychology of.
650 _22. Motivation (Psychology).
650 _23. Performance.
942 _2ddc
_cBK-CIRC
_eTribute ed.
_kCirc.
_n0
999 _c6479
_d6479